[Event "Reykjavik op"]
[Site "Reykjavik"]
[Date "2024.03.21"]
[Round "9"]
[White "Chasin, Nico Werner"]
[Black "Sanal, Vahap"]
[Result "0-1"]
[WhiteElo "2447"]
[BlackElo "2558"]
[PlyCount "86"]
[EventDate "2024.03.15"]
[EventType "swiss"]
[EventRounds "9"]
[EventCountry "ISL"]
[SourceTitle "CB13_2024"]
[SourceDate "2024.03.27"]
[SourceVersion "1"]
[SourceVersionDate "2024.03.27"]
[SourceQuality "1"]

1. e4 e5 2. Nf3 Nc6 3. Nc3 Nf6 4. d4 exd4 5. Nxd4 Bb4 6. Nxc6 bxc6 7. Bd3 d5 8. exd5 0-0 9. 0-0 cxd5 10. Bg5 c6 11. Qf3 Bd6 12. Ne2 Be5 13. Rab1 h6 14. Bf4 Bg4 15. Qe3 Bxe2 16. Bxe2 Bd6 17. Qf3 Bxf4 18. Qxf4 Re8 19. Bf3 Qa5 20. a3 Ne4 21. Rbe1 Ng5 22. Rxe8+ Rxe8 23. h4 Nxf3+ 24. Qxf3 Qa4 25. Qc3 Re2 26. b3 Qxh4 27. Qxc6 Qe4 28. c4 dxc4 29. Qc8+ Kh7 30. bxc4 f5 31. Qc5 a6 32. Qa5 f4 33. Rd1 Qc2 34. Rd7 Qb1+ 35. Kh2 Re1 36. Kh3 Rh1+ 37. Kg4 Qg6+ 38. Kf3 h5 39. Rd4 Qg4+ 40. Ke4 Qe6+ 41. Kf3 Qg4+ 42. Ke4 Re1+ 43. Kd3 Rd1+ 0-1

[Event "Reykjavik op"]
[Site "Reykjavik"]
[Date "2024.03.18"]
[Round "5"]
[White "Balakrishnan, Praveen"]
[Black "Sanal, Vahap"]
[Result "1/2-1/2"]
[WhiteElo "2490"]
[BlackElo "2558"]
[PlyCount "112"]
[EventDate "2024.03.15"]
[EventType "swiss"]
[EventRounds "9"]
[EventCountry "ISL"]
[SourceTitle "CB13_2024"]
[SourceDate "2024.03.27"]
[SourceVersion "1"]
[SourceVersionDate "2024.03.27"]
[SourceQuality "1"]

1. d4 Nf6 2. Bf4 b6 3. e3 Bb7 4. h3 g6 5. Nf3 Bg7 6. c4 0-0 7. Nc3 d6 8. Be2 Nbd7 9. 0-0 Ne4 10. Nxe4 Bxe4 11. Bh2 c5 12. Qd2 a6 13. a4 Rc8 14. d5 Bxf3 15. Bxf3 b5 16. axb5 axb5 17. cxb5 c4 18. Ra7 Nc5 19. Be2 Qb6 20. Qa5 Qxa5 21. Rxa5 Nb3 22. Ra2 Bf6 23. Rd1 Rc5 24. Ra4 Rxb5 25. Rxc4 Rb7 26. Rc2 Nc5 27. Rb1 Rb4 28. f3 Rb3 29. Bc4 Rb4 30. Bg3 Rfb8 31. Be1 Rxb2 32. Rcxb2 Rxb2 33. Rxb2 Bxb2 34. g4 f5 35. Bb4 Nd7 36. Kf2 Bc1 37. Bc3 f4 38. e4 Be3+ 39. Ke2 Kf7 40. Bb5 Ne5 41. h4 h6 42. h5 gxh5 43. gxh5 Kf8 44. Bxe5 dxe5 45. Bd7 Kf7 46. Kd3 Bc5 47. Kc4 Bd6 48. Kb5 Kf8 49. Kc6 Bb8 50. Bf5 Bd6 51. Kd7 Bb8 52. Ke6 Bd6 53. Bg4 Kg7 54. Kd7 Kf8 55. Ke6 Kg7 56. Kd7 Kf8 1/2-1/2

[Event "Reykjavik op"]
[Site "Reykjavik"]
[Date "2024.03.15"]
[Round "1"]
[White "Stanford, Sheila Barth"]
[Black "Sanal, Vahap"]
[Result "0-1"]
[WhiteElo "2123"]
[BlackElo "2558"]
[PlyCount "80"]
[EventDate "2024.03.15"]
[EventType "swiss"]
[EventRounds "9"]
[EventCountry "ISL"]
[SourceTitle "CB13_2024"]
[SourceDate "2024.03.27"]
[SourceVersion "1"]
[SourceVersionDate "2024.03.27"]
[SourceQuality "1"]

1. e4 c5 2. Nc3 a6 3. Nf3 e6 4. d4 cxd4 5. Nxd4 Qc7 6. Bd3 Nf6 7. Qe2 d6 8. Be3 b5 9. 0-0-0 Be7 10. g4 b4 11. Nb1 Bb7 12. Nd2 Nc6 13. g5 Nd7 14. f4 Nc5 15. Rhg1 Nxd3+ 16. Qxd3 Rc8 17. Kb1 Nxd4 18. Bxd4 e5 19. Be3 0-0 20. Rc1 d5 21. fxe5 Qxe5 22. Bd4 dxe4 23. Bxe5 exd3 24. cxd3 Rxc1+ 25. Kxc1 Rd8 26. Kc2 Kf8 27. Nc4 Bc8 28. Rg3 Be6 29. h4 f6 30. gxf6 gxf6 31. Rf3 Kg7 32. Bg3 Bg4 33. Rf2 Bc5 34. Rd2 Bf5 35. Bf4 Rd4 36. Rg2+ Kf7 37. Be3 Rxc4+ 38. Kb3 Bxd3 39. Rd2 Bxe3 40. Rxd3 Re4 0-1

[Event "Titled Tuesday intern op 12th Mar Late"]
[Site "Chess.com INT"]
[Date "2024.03.12"]
[Round "5"]
[White "Drygalov, Andrey"]
[Black "Sanal, Vahap"]
[Result "1-0"]
[WhiteElo "2475"]
[BlackElo "2558"]
[PlyCount "77"]
[EventDate "2024.03.12"]
[EventType "swiss (blitz)"]
[EventRounds "11"]
[EventCountry "USA"]
[SourceTitle "CB12_2024"]
[SourceDate "2023.10.01"]
[SourceVersion "1"]
[SourceVersionDate "2023.10.01"]
[SourceQuality "1"]

1. e4 d6 2. d4 Nf6 3. Nc3 e5 4. dxe5 dxe5 5. Qxd8+ Kxd8 6. Bc4 Ke8 7. f4 Bb4 8. Bd3 Nbd7 9. Nf3 exf4 10. Bxf4 c6 11. 0-0-0 Bxc3 12. bxc3 Nc5 13. Rhe1 Be6 14. Bd6 Nxd3+ 15. cxd3 Rd8 16. e5 Nd5 17. c4 Nf4 18. Re4 Ng6 19. Nd4 Kd7 20. Nxe6 Kxe6 21. d4 Ne7 22. Rf4 b5 23. Rdf1 Rhf8 24. Rg4 Rg8 25. Rgf4 Rgf8 26. cxb5 cxb5 27. Kb2 a5 28. g4 b4 29. R4f2 Rd7 30. h4 h6 31. h5 Rb7 32. Kb3 Rd7 33. Rf3 f6 34. exf6 Rxd6 35. Re3+ Kd5 36. fxe7 Re8 37. Rf8 a4+ 38. Kb2 a3+ 39. Kb3 1-0

[Event "Titled Tuesday intern op 12th Mar Late"]
[Site "Chess.com INT"]
[Date "2024.03.12"]
[Round "1"]
[White "Palencia Morales, Wilson Guillermo"]
[Black "Sanal, Vahap"]
[Result "0-1"]
[WhiteElo "2180"]
[BlackElo "2558"]
[PlyCount "118"]
[EventDate "2024.03.12"]
[EventType "swiss (blitz)"]
[EventRounds "11"]
[EventCountry "USA"]
[SourceTitle "CB12_2024"]
[SourceDate "2023.10.01"]
[SourceVersion "1"]
[SourceVersionDate "2023.10.01"]
[SourceQuality "1"]

1. d4 d6 2. Nf3 Nf6 3. c4 g6 4. Nc3 Bg7 5. e4 0-0 6. Be2 Nbd7 7. h3 e5 8. d5 Nc5 9. Qc2 a5 10. Bg5 h6 11. Be3 Nh7 12. g4 f5 13. gxf5 gxf5 14. Rg1 Kh8 15. Nd2 Na6 16. exf5 Nb4 17. Qd1 Bxf5 18. Nde4 Nf6 19. Bf3 Nxe4 20. Bxe4 Qh4 21. Bxf5 Rxf5 22. a3 Raf8 23. Qg4 Nc2+ 24. Kd2 Qxg4 25. hxg4 Rxf2+ 26. Bxf2 Rxf2+ 27. Ne2 Nxa1 28. Rxa1 e4 29. Rb1 Bd4 30. b4 a4 31. Rh1 Kg7 32. Rh3 Rg2 33. Rg3 Rxg3 34. Nxg3 e3+ 35. Kc2 Kg6 36. Nf5 e2 37. Kd2 Bb2 38. Kxe2 Bxa3 39. b5 Bb2 40. Kd3 a3 41. Kc2 b6 42. c5 dxc5 43. Ne7+ Kg5 44. Nc6 Kxg4 45. Nd8 h5 46. Ne6 h4 47. Nxc5 Be5 48. Nd3 a2 49. Nxe5+ Kf5 50. d6 cxd6 51. Nc4 a1Q 52. Nxd6+ Kf4 53. Nc4 Qd4 54. Kb3 Qc5 55. Ka4 h3 56. Nd2 h2 57. Nb3 h1Q 58. Nxc5 bxc5 59. Ka5 Qb1 0-1

[Event "Titled Tuesday intern op 12th Mar Late"]
[Site "Chess.com INT"]
[Date "2024.03.12"]
[Round "2"]
[White "Sanal, Vahap"]
[Black "Barria Zuniga, Daniel"]
[Result "1-0"]
[WhiteElo "2558"]
[BlackElo "2341"]
[PlyCount "87"]
[EventDate "2024.03.12"]
[EventType "swiss (blitz)"]
[EventRounds "11"]
[EventCountry "USA"]
[SourceTitle "CB12_2024"]
[SourceDate "2023.10.01"]
[SourceVersion "1"]
[SourceVersionDate "2023.10.01"]
[SourceQuality "1"]

1. e4 e6 2. d3 c5 3. Nd2 Nc6 4. g3 d5 5. Bg2 Nf6 6. Ngf3 g6 7. 0-0 Bg7 8. c3 0-0 9. e5 Nd7 10. d4 b6 11. Re1 a5 12. a3 a4 13. Nf1 b5 14. h4 cxd4 15. cxd4 Nb6 16. Bg5 f6 17. exf6 Bxf6 18. Ne3 Nc4 19. Ng4 Bxg5 20. hxg5 Rxf3 21. Qxf3 Qxg5 22. Nf6+ Kg7 23. Ne8+ Kg8 24. Nc7 Ra7 25. Nxe6 Bxe6 26. Rxe6 Rf7 27. Qxd5 Qd2 28. Qxc6 Qxf2+ 29. Kh2 Rf5 30. Qe8+ Kg7 31. Qe7+ Kh6 32. Re4 Ne3 33. Rh4+ Rh5 34. Rxh5+ gxh5 35. Qe6+ Kg5 36. Qe5+ Kg6 37. Qe4+ Kg7 38. Qb7+ Kg6 39. Qf3 Ng4+ 40. Kh1 Qxd4 41. Rf1 Qd7 42. Qc6+ Qxc6 43. Bxc6 Ne3 44. Rg1 1-0

[Event "Titled Tuesday intern op 13th Feb Early"]
[Site "Chess.com INT"]
[Date "2024.02.13"]
[Round "9"]
[White "Fedoseev, Vladimir1"]
[Black "Sanal, Vahap"]
[Result "1-0"]
[WhiteElo "2690"]
[BlackElo "2567"]
[PlyCount "69"]
[EventDate "2024.02.13"]
[EventType "swiss (blitz)"]
[EventRounds "11"]
[EventCountry "USA"]
[SourceTitle "CB08_2024"]
[SourceDate "2024.02.21"]
[SourceVersion "1"]
[SourceVersionDate "2024.02.21"]
[SourceQuality "1"]

1. e4 d6 2. d4 Nf6 3. Nc3 e5 4. Nge2 Nbd7 5. h3 Be7 6. g4 0-0 7. Bg2 c6 8. a4 h6 9. Be3 Re8 10. Qd2 Nf8 11. f4 Ng6 12. 0-0-0 Nh4 13. Ng3 exf4 14. Bxf4 Nxg2 15. Qxg2 d5 16. e5 Nh7 17. Kb1 b5 18. axb5 Be6 19. bxc6 Qa5 20. Rd3 Rec8 21. Nf5 Bf8 22. Nxh6+ gxh6 23. g5 Bf5 24. gxh6+ Kh8 25. Rg1 Bg6 26. e6 Rxc6 27. Be5+ Kg8 28. Qxg6+ fxg6 29. Rxg6+ Bg7 30. Rf3 Rxe6 31. Rxg7+ Kh8 32. Rff7 Rxe5 33. Rxh7+ Kg8 34. Rfg7+ Kf8 35. Rh8# 1-0

[Event "Titled Tuesday intern op 13th Feb Late"]
[Site "Chess.com INT"]
[Date "2024.02.13"]
[Round "1"]
[White "Sanal, Vahap"]
[Black "Ferreira, Vitor Hugo Vieira"]
[Result "1-0"]
[WhiteElo "2567"]
[BlackElo "2128"]
[PlyCount "55"]
[EventDate "2024.02.13"]
[EventType "swiss (blitz)"]
[EventRounds "11"]
[EventCountry "USA"]
[SourceTitle "CB08_2024"]
[SourceDate "2024.02.21"]
[SourceVersion "1"]
[SourceVersionDate "2024.02.21"]
[SourceQuality "1"]

1. e4 c5 2. Nf3 d6 3. Bb5+ Nd7 4. c3 a6 5. Ba4 b5 6. Bc2 Bb7 7. d4 Ngf6 8. Qe2 e6 9. 0-0 Be7 10. a4 Qb6 11. Na3 c4 12. Bg5 0-0 13. e5 dxe5 14. Nxe5 Rae8 15. axb5 axb5 16. Nxd7 Nxd7 17. Bxe7 Rxe7 18. Qh5 Nf6 19. Qxb5 Qd6 20. Nxc4 Qf4 21. Qe5 Qg4 22. Qg3 Qe2 23. Bd3 Qh5 24. Ra5 Bd5 25. Ne3 g6 26. c4 Ra8 27. Nxd5 Rxa5 28. Nxf6+ 1-0

[Event "Titled Tuesday intern op 13th Feb Early"]
[Site "Chess.com INT"]
[Date "2024.02.13"]
[Round "4"]
[White "Tomczak, Jacek"]
[Black "Sanal, Vahap"]
[Result "0-1"]
[WhiteElo "2598"]
[BlackElo "2567"]
[PlyCount "56"]
[EventDate "2024.02.13"]
[EventType "swiss (blitz)"]
[EventRounds "11"]
[EventCountry "USA"]
[SourceTitle "CB08_2024"]
[SourceDate "2024.02.21"]
[SourceVersion "1"]
[SourceVersionDate "2024.02.21"]
[SourceQuality "1"]

1. f3 e5 2. e4 d5 3. exd5 Nf6 4. Nc3 Nxd5 5. Bc4 Be6 6. Nxd5 Qh4+ 7. g3 Qxc4 8. Ne3 Qc6 9. b3 Nd7 10. Bb2 Bc5 11. Qe2 0-0-0 12. 0-0-0 Rhe8 13. h4 Bf8 14. Nh3 h6 15. Nf2 f5 16. Kb1 a5 17. Rhe1 a4 18. d4 exd4 19. Rxd4 a3 20. Ba1 Bc5 21. Rd3 f4 22. gxf4 Bf5 23. Rc3 Qb6 24. Nc4 Rxe2 25. Nxb6+ Nxb6 26. Rxe2 Bxf2 27. Kc1 Bd4 28. h5 Nd5 0-1

[Event "Titled Tuesday intern op 13th Feb Late"]
[Site "Chess.com INT"]
[Date "2024.02.13"]
[Round "2"]
[White "Trost, Edvin"]
[Black "Sanal, Vahap"]
[Result "1-0"]
[WhiteElo "2434"]
[BlackElo "2567"]
[PlyCount "195"]
[EventDate "2024.02.13"]
[EventType "swiss (blitz)"]
[EventRounds "11"]
[EventCountry "USA"]
[SourceTitle "CB08_2024"]
[SourceDate "2024.02.21"]
[SourceVersion "1"]
[SourceVersionDate "2024.02.21"]
[SourceQuality "1"]

1. e4 d6 2. Nc3 Nf6 3. Nf3 e5 4. Bc4 Be7 5. d3 0-0 6. a4 c6 7. Ba2 Bg4 8. h3 Bh5 9. g4 Bg6 10. h4 h5 11. g5 Nfd7 12. d4 Na6 13. Be3 Qa5 14. Qd2 Rfe8 15. 0-0 exd4 16. Bxd4 Ne5 17. Nxe5 dxe5 18. Be3 Bb4 19. f3 Rad8 20. Qe1 Bc5 21. Bb3 Qb6 22. Bf2 Bxf2+ 23. Qxf2 Nc5 24. a5 Qb4 25. Na2 Qxa5 26. Bxf7+ Bxf7 27. b4 Qa3 28. bxc5 Bxa2 29. c4 Rd4 30. Rxa2 Qxc5 31. Rb1 Re7 32. Rab2 b6 33. Rc2 Rf7 34. Kg2 g6 35. Rbb2 Kg7 36. Qe2 a5 37. Ra2 Rfd7 38. Qf2 Rf7 39. Qe2 Ra7 40. Ra4 Rad7 41. Qf2 Ra7 42. Rb2 b5 43. cxb5 cxb5 44. Rxb5 Qxb5 45. Rxd4 Rc7 46. Rd5 Qb3 47. Kg3 Rf7 48. Rxa5 Qc3 49. Rd5 Qa1 50. Kg2 Rb7 51. Rd2 Qc3 52. Rc2 Qb3 53. Qe2 Rf7 54. Rb2 Qa3 55. Ra2 Qc3 56. Rc2 Qb3 57. Rd2 Qe6 58. Qd1 Qa6 59. Rd6 Qa3 60. Rd5 Qc3 61. Rd3 Qb2+ 62. Kg3 Qb8 63. Rd7 Qb6 64. Rxf7+ Kxf7 65. Qd5+ Kf8 66. Qxe5 Qg1+ 67. Kh3 Qf1+ 68. Kg3 Qe1+ 69. Kf4 Qxh4+ 70. Ke3 Qe1+ 71. Kd3 Qd1+ 72. Ke3 Qe1+ 73. Kd4 Qa1+ 74. Kd5 Qxe5+ 75. Kxe5 Ke7 76. Kf4 Ke6 77. Ke3 Kd6 78. f4 Ke6 79. Kd4 Ke7 80. Kd3 Kd6 81. Ke3 Ke7 82. Kf3 Ke6 83. Kg3 Kd6 84. Kh3 Ke7 85. f5 Kf7 86. Kh4 Kg7 87. Kg3 Kf7 88. Kf4 Ke7 89. Ke5 Kf7 90. f6 Kf8 91. Kf4 Kf7 92. Ke5 Ke8 93. Kd4 Kd7 94. e5 Ke6 95. Ke4 Kf7 96. Kd5 Ke8 97. e6 h4 98. Ke4 1-0

[Event "Titled Tuesday intern op 06th Feb Early"]
[Site "Chess.com INT"]
[Date "2024.02.06"]
[Round "6"]
[White "Sanal, Vahap"]
[Black "Karthikeyan, Murali"]
[Result "1/2-1/2"]
[WhiteElo "2567"]
[BlackElo "2610"]
[PlyCount "116"]
[EventDate "2024.02.06"]
[EventType "swiss (blitz)"]
[EventRounds "11"]
[EventCountry "USA"]
[SourceTitle "CB07_2024"]
[SourceDate "2024.02.14"]
[SourceVersion "1"]
[SourceVersionDate "2024.02.14"]
[SourceQuality "1"]

1. e4 e5 2. Nf3 Nc6 3. Bb5 a6 4. Ba4 d6 5. c3 Nf6 6. d4 Bd7 7. 0-0 g6 8. d5 Ne7 9. Bxd7+ Qxd7 10. Re1 Bg7 11. c4 0-0 12. Nc3 h6 13. c5 Rad8 14. cxd6 cxd6 15. Be3 Ng4 16. Bb6 Rc8 17. h3 Nf6 18. Be3 Nh5 19. Na4 Qb5 20. Nb6 Rc7 21. a4 Qb4 22. a5 Qxe4 23. Bxh6 Qc2 24. Bxg7 Kxg7 25. Rc1 Qxd1 26. Rexd1 Rxc1 27. Rxc1 Nf6 28. Rc7 Nexd5 29. Nxd5 Nxd5 30. Rxb7 Rc8 31. Rd7 Rc6 32. Ng5 Kf6 33. h4 Ne7 34. b4 d5 35. g4 e4 36. Nh7+ Ke6 37. Nf8+ Kf6 38. g5+ Kg7 39. Rxe7 Kxf8 40. Rd7 Rc4 41. Rxd5 Rxb4 42. Rd6 e3 43. fxe3 Rxh4 44. Rxa6 Rg4+ 45. Kf2 Rxg5 46. Ke2 Rb5 47. Kd3 g5 48. Kc4 Rf5 49. e4 Rf2 50. Rb6 Ra2 51. Rb5 f6 52. e5 Kf7 53. exf6 Kxf6 54. Kb3 Ra1 55. Kb2 Ra4 56. Kb3 Ra1 57. Kb2 Ra4 58. Kb3 Ra1 1/2-1/2

[Event "Titled Tuesday intern op 06th Feb Early"]
[Site "Chess.com INT"]
[Date "2024.02.06"]
[Round "2"]
[White "Tymrakiewicz, Rafal"]
[Black "Sanal, Vahap"]
[Result "0-1"]
[WhiteElo "2168"]
[BlackElo "2567"]
[PlyCount "100"]
[EventDate "2024.02.06"]
[EventType "swiss (blitz)"]
[EventRounds "11"]
[EventCountry "USA"]
[SourceTitle "CB07_2024"]
[SourceDate "2024.02.14"]
[SourceVersion "1"]
[SourceVersionDate "2024.02.14"]
[SourceQuality "1"]

1. e4 d6 2. d4 Nf6 3. Nc3 e5 4. Nf3 Nbd7 5. h3 Be7 6. Be3 c6 7. g4 b5 8. a3 0-0 9. Bg2 a5 10. dxe5 dxe5 11. 0-0 Ba6 12. Re1 b4 13. axb4 axb4 14. Na4 Nxe4 15. Nxe5 Nxe5 16. Qxd8 Raxd8 17. Bxe4 Bb5 18. b3 g6 19. f4 Nd7 20. f5 Nf6 21. Bf3 Rfe8 22. Rad1 Nd5 23. Bxd5 cxd5 24. Bd4 Bh4 25. Bf2 Rxe1+ 26. Rxe1 Bxf2+ 27. Kxf2 Rc8 28. Rc1 gxf5 29. gxf5 Bxa4 30. bxa4 Kg7 31. Ke3 Kf6 32. Kd4 b3 33. c3 Rc4+ 34. Kxd5 Rxa4 35. Rb1 Ra3 36. c4 Ke7 37. c5 Kd7 38. f6 h5 39. Rb2 h4 40. Rb1 Kc7 41. Rb2 Kd8 42. Rb1 Kd7 43. Rb2 Kc7 44. Re2 Ra1 45. Re7+ Kc8 46. c6 Rd1+ 47. Kc5 b2 48. Rb7 b1Q 49. Rxb1 Rxb1 50. Kd6 Re1 0-1

[Event "Chessable Masters Play In"]
[Site "Chess.com INT"]
[Date "2024.01.31"]
[Round "5"]
[White "Lagarde, Maxime"]
[Black "Sanal, Vahap"]
[Result "0-1"]
[WhiteElo "2642"]
[BlackElo "2567"]
[PlyCount "54"]
[EventDate "2024.01.31"]
[EventType "swiss (rapid)"]
[EventRounds "9"]
[EventCountry "USA"]
[SourceTitle "CB06_2024"]
[SourceDate "2024.02.07"]
[SourceVersion "1"]
[SourceVersionDate "2024.02.07"]
[SourceQuality "1"]

1. c4 c6 2. Nf3 d5 3. b3 Nf6 4. Bb2 Bg4 5. Ne5 Bf5 6. e3 Nbd7 7. cxd5 cxd5 8. Bb5 a6 9. Bxd7+ Nxd7 10. Nxd7 Qxd7 11. 0-0 e6 12. Qf3 Bd6 13. Nc3 h5 14. Qe2 Rc8 15. Rac1 f6 16. d3 Bg6 17. e4 0-0 18. exd5 exd5 19. Qf3 Be5 20. Na4 Qd6 21. Qh3 Rxc1 22. Rxc1 Bxb2 23. Nxb2 Qa3 24. Rc2 Qxa2 25. Rd2 Re8 26. g3 Qb1+ 27. Kg2 Qc1 0-1

[Event "Chessable Masters Play In"]
[Site "Chess.com INT"]
[Date "2024.01.31"]
[Round "2"]
[White "Sanal, Vahap"]
[Black "Fressinet, Laurent"]
[Result "1/2-1/2"]
[WhiteElo "2567"]
[BlackElo "2637"]
[PlyCount "136"]
[EventDate "2024.01.31"]
[EventType "swiss (rapid)"]
[EventRounds "9"]
[EventCountry "USA"]
[SourceTitle "CB06_2024"]
[SourceDate "2024.02.07"]
[SourceVersion "1"]
[SourceVersionDate "2024.02.07"]
[SourceQuality "1"]

1. e4 e5 2. Nf3 Nc6 3. Bb5 Nf6 4. 0-0 Nxe4 5. Re1 Nd6 6. Nxe5 Be7 7. Bf1 Nf5 8. Nf3 d5 9. d4 0-0 10. c3 Re8 11. b3 Bd6 12. Rxe8+ Qxe8 13. Na3 a6 14. Nc2 Nce7 15. c4 c6 16. Ba3 Ng6 17. Bxd6 Nxd6 18. Ne3 Be6 19. Ng5 Nf5 20. Qh5 Nf8 21. cxd5 cxd5 22. Nxe6 fxe6 23. Qxe8 Rxe8 24. Nxf5 exf5 25. g3 Kf7 26. Bg2 Rd8 27. Re1 Ng6 28. Rc1 Rd7 29. Kf1 Ne7 30. Ke2 Nc6 31. Ke3 Re7+ 32. Kd2 Ke6 33. a3 Kd6 34. Rc5 g6 35. Rxd5+ Ke6 36. Kd3 b6 37. b4 Ra7 38. f4 h5 39. Kd2 Ke7 40. h3 Ke6 41. Kd3 Ke7 42. Ke2 Ke6 43. Kf2 Ke7 44. Bf3 Ke6 45. b5 axb5 46. Rxb5 Nxd4 47. Rxb6+ Ke7 48. Rb7+ Rxb7 49. Bxb7 Kd6 50. a4 Kc5 51. Ke3 Nc2+ 52. Kd3 Nb4+ 53. Kc3 Na2+ 54. Kd2 Nb4 55. Bc8 h4 56. gxh4 Nd5 57. h5 gxh5 58. Bxf5 Nxf4 59. Ke3 Nd5+ 60. Ke4 Nc3+ 61. Ke5 Nxa4 62. h4 Nb6 63. Be6 Nc4+ 64. Kf4 Nd6 65. Kg5 Kd4 66. Bb3 Ke5 67. Bd1 Nf5 68. Bxh5 Nxh4 1/2-1/2

[Event "Chessable Masters Play In"]
[Site "Chess.com INT"]
[Date "2024.01.31"]
[Round "8"]
[White "Sanal, Vahap"]
[Black "Wagner, Dennis"]
[Result "1-0"]
[WhiteElo "2567"]
[BlackElo "2611"]
[PlyCount "101"]
[EventDate "2024.01.31"]
[EventType "swiss (rapid)"]
[EventRounds "9"]
[EventCountry "USA"]
[SourceTitle "CB06_2024"]
[SourceDate "2024.02.07"]
[SourceVersion "1"]
[SourceVersionDate "2024.02.07"]
[SourceQuality "1"]

1. e4 e5 2. Nf3 Nc6 3. Nc3 Nf6 4. d4 exd4 5. Nxd4 Bb4 6. Nxc6 bxc6 7. Bd3 d5 8. exd5 0-0 9. 0-0 cxd5 10. h3 c6 11. Qf3 Bd6 12. Bf4 Be6 13. Ne2 Rb8 14. b3 c5 15. Rad1 a5 16. Rfe1 Re8 17. c3 Qc7 18. Qg3 Red8 19. Bxd6 Qxd6 20. Nf4 Kf8 21. Re5 Bc8 22. Rde1 Bb7 23. Nh5 g6 24. Qf4 Nxh5 25. Re8+ Kg7 26. Qxd6 Rxd6 27. Rxb8 Bc6 28. Rb6 Rf6 29. Bb5 Bxb5 30. Rxb5 Nf4 31. Rxa5 d4 32. cxd4 cxd4 33. Rd1 Rd6 34. Ra4 Ne2+ 35. Kf1 d3 36. Rxd3 Rxd3 37. Kxe2 Rd6 38. Rc4 Ra6 39. a4 h5 40. Kd3 g5 41. Rc5 Kg6 42. a5 Rd6+ 43. Kc3 g4 44. hxg4 hxg4 45. b4 Rf6 46. b5 Rxf2 47. b6 Rf1 48. a6 Rc1+ 49. Kd4 Rb1 50. a7 f5 51. a8Q 1-0

[Event "Titled Tuesday intern op 16th Jan Early"]
[Site "Chess.com INT"]
[Date "2024.01.16"]
[Round "10"]
[White "Andreikin, Dmitry"]
[Black "Sanal, Vahap"]
[Result "1/2-1/2"]
[WhiteElo "2729"]
[BlackElo "2567"]
[PlyCount "261"]
[EventDate "2024.01.16"]
[EventType "swiss (blitz)"]
[EventRounds "11"]
[EventCountry "USA"]
[SourceTitle "CB04_2024"]
[SourceDate "2023.10.16"]
[SourceVersion "1"]
[SourceVersionDate "2023.10.16"]
[SourceQuality "1"]

1. Nf3 d5 2. d4 Nf6 3. c4 c6 4. e3 Bf5 5. Nc3 e6 6. Nh4 Bg6 7. Nxg6 hxg6 8. g3 Nbd7 9. Bd2 Be7 10. Qf3 a6 11. Bd3 b5 12. b3 bxc4 13. bxc4 0-0 14. 0-0 dxc4 15. Bxc4 c5 16. Rab1 cxd4 17. exd4 Nb6 18. Qd3 Nxc4 19. Qxc4 Rc8 20. Qd3 Nd5 21. Nxd5 Qxd5 22. Qxa6 Rc2 23. Be3 Rxa2 24. Qb7 Qxb7 25. Rxb7 Bf6 26. Rd7 Raa8 27. d5 exd5 28. Rxd5 Rfe8 29. Rfd1 Rad8 30. Kg2 Rxd5 31. Rxd5 Rd8 32. Rb5 Bd4 33. Bf4 f6 34. h4 Rd7 35. Rb4 Kf7 36. Rc4 Ba7 37. Ra4 Bb6 38. Ra6 Bc5 39. Rc6 Ba7 40. Kf3 Rd3+ 41. Ke2 Rd7 42. f3 Rb7 43. g4 Rb2+ 44. Kd3 Rb3+ 45. Ke2 Rb2+ 46. Bd2 Bb8 47. Kd3 Rb3+ 48. Ke2 Rb2 49. Kd3 Rb3+ 50. Ke4 Bg3 51. h5 gxh5 52. gxh5 Rb5 53. h6 Re5+ 54. Kd3 Rd5+ 55. Ke2 gxh6 56. Bxh6 Kg6 57. Be3 Be5 58. Rc5 Rd7 59. f4 Bc7 60. f5+ Kf7 61. Rb5 Be5 62. Kf3 Rc7 63. Ke4 Rc4+ 64. Kd5 Rc7 65. Bc5 Rd7+ 66. Ke4 Rc7 67. Bb4 Rc4+ 68. Kd5 Rd4+ 69. Kc6 Kg7 70. Rb7+ Kh6 71. Be7 Kg5 72. Rd7 Ra4 73. Kb5 Ra2 74. Rd1 Kxf5 75. Rf1+ Ke6 76. Bxf6 Bxf6 77. Kc4 Be5 78. Kb3 Rb2+ 79. Kc4 Rc2+ 80. Kd3 Rc4 81. Kxc4 Bd6 82. Kd4 Kd7 83. Ke4 Kc6 84. Rc1+ Kb7 85. Kd5 Bb8 86. Rb1+ Ka8 87. Kc6 Bg3 88. Ra1+ Kb8 89. Rg1 Bf4 90. Rg8+ Ka7 91. Rf8 Bg3 92. Rf3 Bh2 93. Rb3 Ka8 94. Rb7 Bf4 95. Rg7 Bh2 96. Kb6 Bb8 97. Rh7 Bf4 98. Rh8+ Bb8 99. Kc6 Ka7 100. Rf8 Ka8 101. Rf7 Bg3 102. Kd7 Kb7 103. Rf3 Bh2 104. Rb3+ Ka8 105. Kc8 Bg1 106. Rb2 Ba7 107. Rb7 Be3 108. Kc7 Bf4+ 109. Kc6 Bg3 110. Rf7 Bh2 111. Rf8+ Bb8 112. Rd8 Ka7 113. Rd7+ Ka8 114. Kb6 Bg3 115. Rd8+ Bb8 116. Kc6 Ka7 117. Rd5 Ka8 118. Rb5 Bg3 119. Rb3 Bh2 120. Ra3+ Kb8 121. Rh3 Bf4 122. Rh7 Ka8 123. Rf7 Bh2 124. Rf8+ Ka7 125. Rf2 Bg3 126. Rb2 Ka8 127. Rb3 Bf4 128. Kd7 Ka7 129. Kc8 Bh2 130. Rb7+ Ka6 131. Rg7 1/2-1/2

[Event "Titled Tuesday intern op 16th Jan Early"]
[Site "Chess.com INT"]
[Date "2024.01.16"]
[Round "9"]
[White "Sanal, Vahap"]
[Black "Makarian, Rudik"]
[Result "1-0"]
[WhiteElo "2567"]
[BlackElo "2525"]
[PlyCount "67"]
[EventDate "2024.01.16"]
[EventType "swiss (blitz)"]
[EventRounds "11"]
[EventCountry "USA"]
[SourceTitle "CB04_2024"]
[SourceDate "2023.10.16"]
[SourceVersion "1"]
[SourceVersionDate "2023.10.16"]
[SourceQuality "1"]

1. e4 c5 2. Nc3 Nc6 3. Bb5 e6 4. Bxc6 bxc6 5. d3 d5 6. Nf3 Nf6 7. 0-0 Be7 8. Re1 0-0 9. Qe2 c4 10. dxc4 Ba6 11. Ne5 Rc8 12. Bf4 Bb4 13. Bg5 Qc7 14. exd5 Nxd5 15. Qg4 f5 16. Qg3 Nxc3 17. bxc3 Bd6 18. Bf4 Bxc4 19. Rad1 Bxe5 20. Bxe5 Qf7 21. Rd4 Bd5 22. h4 c5 23. Rd2 Bxa2 24. Red1 Qg6 25. Qxg6 hxg6 26. Rd7 Rf7 27. Rxf7 Kxf7 28. Rd7+ Ke8 29. Rxa7 Bd5 30. Rxg7 Ra8 31. Rxg6 Ra1+ 32. Kh2 Re1 33. f4 Kf7 34. h5 1-0

[Event "Titled Tuesday intern op 09th Jan Early"]
[Site "Chess.com INT"]
[Date "2024.01.09"]
[Round "5"]
[White "Sanal, Vahap"]
[Black "Dyachuk, Artem"]
[Result "1-0"]
[WhiteElo "2567"]
[BlackElo "2240"]
[PlyCount "91"]
[EventDate "2024.01.09"]
[EventType "swiss (blitz)"]
[EventRounds "11"]
[EventCountry "USA"]
[SourceTitle "CB03_2024"]
[SourceDate "2024.01.17"]
[SourceVersion "1"]
[SourceVersionDate "2024.01.17"]
[SourceQuality "1"]

1. e4 c5 2. Nc3 d6 3. Bb5+ Nc6 4. Bxc6+ bxc6 5. d3 Nf6 6. f4 g6 7. Nf3 Bg7 8. 0-0 0-0 9. Qe1 Bg4 10. Kh1 Rb8 11. b3 Nd7 12. Bd2 Re8 13. Qh4 Bxf3 14. Rxf3 c4 15. dxc4 Nc5 16. Re1 Ne6 17. Rh3 h5 18. f5 Nd4 19. g4 e6 20. Bg5 f6 21. Bd2 exf5 22. gxf5 Qd7 23. Rg1 g5 24. Qxh5 Qf7 25. Qxf7+ Kxf7 26. Rc1 Rh8 27. Rd3 c5 28. Kg2 Rh4 29. Be1 Rh5 30. Bg3 Rd8 31. Nb5 g4 32. Nxd4 cxd4 33. Rxd4 Ke7 34. Rcd1 Bf8 35. Rxd6 Rxd6 36. Bxd6+ Kf7 37. Bxf8 Kxf8 38. c5 a5 39. c6 g3 40. hxg3 Ke7 41. c7 Rh8 42. Rd8 a4 43. Rxh8 Kd6 44. c8Q a3 45. Rd8+ Ke7 46. Qd7# 1-0